| 000 | 00980nmm a2200301 a 4500 | ||
|---|---|---|---|
| 001 | ocm000605245 | ||
| 003 | TR-IsHL | ||
| 005 | 20201028130752.0 | ||
| 008 | 131010s2005 tu tur | ||
| 007 | cr cn | ||
| 020 | _a9789756145456 | ||
| 035 |
_a605245 _b(N$T) |
||
| 050 | 0 | 4 |
_aKKX1389 _b.C49 2005 |
| 090 | 0 | 4 |
_aKKX1389 _b.C49 2005 |
| 245 | 1 | 0 |
_aCeza muhakemesi hukukunda uzlaşma _h[electronic resource] / _chaz. Feridun Yenisey |
| 250 | _a1. bs. | ||
| 260 |
_aİstanbul : _bArıkan Basım Yayım Dağıtım, _c2005 |
||
| 300 | _a290 p. | ||
| 650 | 4 | _aHukuk | |
| 650 | 4 | _aLaw | |
| 650 | 0 |
_aCeza hukuku _x Türkiye |
|
| 650 | 0 |
_aCriminal law _x Turkey |
|
| 650 | 0 |
_aArabuluculuk _x Hukuk ve yasama _x Türkiye |
|
| 650 | 0 |
_aMediation _x Law and legislation _x Turkey |
|
| 650 | 7 |
_aLAW / Criminal Law / General _2bisacsh |
|
| 700 | 1 | _aYenisey, Feridun | |
| 856 | 4 | 0 | _uhttp://search.ebscohost.com/login.aspx?direct=true&scope=site&db=e011xww&AN=605245 |
| 999 |
_c4200 _d4200 |
||